Normale Ansicht MARC-Ansicht ISBD

Ein Leben für die Leidenschaft und Tanz. (Titelsatznr. 372403)

[ MARC ]
MARC-Details
000 -Satzkennung
Kontrollfeld mit fester Länge 00751nab a2200205 4500
001 - Kontrollnummer
Kontrollfeld 90031
003 - Kontrollnummer Identifier
Kontrollfeld OSt
005 - Datum und Zeit der letzten Transaktion
Kontrollfeld 20230427142450.0
007 - Feld mit fester Länge zur physischen Beschreibung - Allgemeine Information
Kontrollfeld mit fester Länge tu
008 - Feld mit fester Länge zur physischen Beschreibung - Allgemeine Angaben
Kontrollfeld mit fester Länge 110905s2000|||||||
040 ## - Katalogisierungsquelle
Original-Katalogisierungsstelle DE-2950
Übertragungsstelle DE-2950
245 00 - Titel
Titel Ein Leben für die Leidenschaft und Tanz.
Zusatz zum Titel Nachruf. Generationen von Menschen lernten bei René Glogener und Charlotte Golz-Glogener tanzen. Doch dann mussten sie einen Insolvenzantrag stellen. Nun verstarb René Glogener. Ein Rückblick auf 30 Jahre Tanzschule. /
Verfasserangabe etc. Lisa Mahlke
264 ## - Produktion, Veröffentlichung, Distribution, Herstellung und Urheberrechtsvermerk
Datum der Herstellung, der Veröffentlichung, des Vertriebs oder des Urheberschutzvermerks 2023
653 ## - Indexierungsterm - Nicht normiert
Nicht-normierter Term Frankfurt (Oder)
653 ## - Indexierungsterm - Nicht normiert
Nicht-normierter Term Tanzschule
653 ## - Indexierungsterm - Nicht normiert
Nicht-normierter Term Glogener, René
653 ## - Indexierungsterm - Nicht normiert
Nicht-normierter Term Nachruf
773 0# - Übergeordnete Einheit
Verknüpfungsangaben 34. Jahrgang (2023) Nr. 94, 22./23.04.2023, S. 17: mit Foto
Titel Märkische Oderzeitung
942 ## - Zusätzliche Felder (Koha)
Klassifikation oder Aufstellungssystematik Andere/Generische Klassifikation
Koha-Medientyp Aufsätze
Exemplare
Ausgeschieden Verloren Klassifikation oder Aufstellungssystematik Beschädigt Nicht entleihbar Heimatbibliothek Aufenthaltsbibliothek Aufstellungsort Erwerbungsdatum Anzahl Ausleihen Signatur Letzte Aktivität Preis gültig von Koha-Medientyp
    Andere/Generische Klassifikation     Stadtarchiv Frankfurt (Oder) | Archivbibliothek Stadtarchiv Frankfurt (Oder) | Archivbibliothek Magazin 27/04/2023   Z2 27/04/2023 27/04/2023 Aufsätze